Génie : le génie - ses travaux spéciaux ses services annexes / par Onésime Roux le génie - ses travaux spéciaux ses services annexes / par Onésime Roux
Descripción Física:
508 p., [1] f. plegat : il. ; 19 cm
Materias:
Enginyeria militar
MARC
| LEADER | 00000nam a2200000Ia 4500 | ||
|---|---|---|---|
| 001 | 18308 | ||
| 008 | 160829s1897 xx 000 0 cat d | ||
| 080 | |a C-2-473 | ||
| 100 | |a Roux, Onésime |9 30030 | ||
| 245 | |a Génie : |b le génie - ses travaux spéciaux ses services annexes / par Onésime Roux | ||
| 260 | |a Paris : |b Vicq - Dunod, |c 1897 | ||
| 300 | |a 508 p., [1] f. plegat : |b il. ; |c 19 cm | ||
| 490 | |a Bibliotheque du conducteur de travaux publics | ||
| 590 | |a Hi ha un full plegat amb la imatge dels banderins, fars de distinció i braçalets. | ||
| 590 | |a Text en francès | ||
| 650 | |a Enginyeria militar |9 30031 | ||
| 901 | |a Arxiu | ||
| 942 | |n 1 | ||
| 952 | |0 0 |1 0 |4 0 |6 C2473 |7 1 |9 45225 |a Arxiu |b Arxiu |d 2016-12-01 |l 0 |o C-2-473 |p 18308 |r 2016-12-01 00:00:00 |w 2016-12-01 |y ARXIU | ||
| 999 | |c 48299 |d 48299 | ||